| 000 | 00656nam a2200169 i 4500 | ||
|---|---|---|---|
| 001 | 21587 | ||
| 003 | ES-MaACL | ||
| 005 | 20230906152517.0 | ||
| 007 | t| | ||
| 008 | 021126q1914 gw ||||1| ger d | ||
| 100 | 1 |
_aRicci, Corrado ( _d1858-1934) _996877 |
|
| 245 | 1 | 0 |
_aAlbum der Florentiner Galerien Sechzig _b: Farbendrucke aus den Sammlungen des Palazzo Pitti, den Uffizien und der Akademie / _cmit einer hist. Einl. und beschreibenden texten von Corrado Ricci. |
| 260 |
_aLeipzig : _bVerlag von E. A. Seemann, _c[1914?] |
||
| 300 |
_a8 p. 60 p., 60 lám. col. ; _c33 cm. |
||
| 650 | 4 |
_aMuseos de arte- _zFlorencia. _915372 |
|
| 852 |
_aES-MaACL _jB-12017 |
||
| 999 |
_c21587 _d21587 |
||